Movies Quiz

Random Movies or Actor Quiz

Michael Shannon Films Slideshow Quiz Stats

Quiz not verified by Sporcle

Challenge
Share
Tweet
Score 0/34 Timer 09:00
0 Plays Today
% Correct
Man of Steel
90.6%
Boardwalk Empire
65.6%
Take Shelter
60.9%
Revolutionary Road
57.8%
Premium Rush
54.7%
The Night Before
51.6%
The Runaways
50%
Midnight Special
48.4%
Groundhog Day
48.4%
The Iceman
45.3%
99 Homes
45.3%
Elvis & Nixon
41.7%
Bad Lieutenant: Port of Call New Orleans
39.1%
Before the Devil Knows You're Dead
31.3%
8 Mile
29.7%
Mud
29.7%
Bug
25%
% Correct
Bad Boys II
17.2%
Shotgun Stories
17.2%
My Son, My Son, What Have Ye Done?
12.5%
Machine Gun Preacher
10.9%
Tigerland
9.4%
World Trade Center
7.8%
Let's Go to Prison
7.8%
Pearl Harbor
6.3%
Kangaroo Jack
4.7%
Jonah Hex
4.7%
They Came Together
3.1%
13
1.6%
Young Ones
0%
Chcago Cab
0%
Nocturnal Animals
0%
The Shape of Water
0%
12 Strong
0%

You're not logged in!

Compare scores with friends on all Sporcle quizzes.
Sign Up with Email
OR
Log In

You Might Also Like...

Show Comments

Extras

Top Quizzes Today


Score Distribution

Your Account Isn't Verified!

In order to create a playlist on Sporcle, you need to verify the email address you used during registration. Go to your Sporcle Settings to finish the process.